=LDR 00000nam 2200000 4500 =001 INLIS000000000042067 =005 20130612151550 =008 ***********************************ind** =035 ##$$0010-061300000042067 =041 ##$$a ind =082 ##$$a 343.07 =090 ##$$a 343.07, Ind k =100 ##$$a Indonesia. (Undang-undang, Peraturan dst) =245 ##$$a Kompilasi hukum ekonomi syari'ah =260 ##$$a [Sa] $b Bandung =300 ##$$a iii,198 hlm. , 21 cm =650 ##$$a HUKUM EKONOMI - SYARI'AH =850 ##$$a NBPNMAT